Faust Marlowe-burlesque /

Uloženo v:
Podrobná bibliografie
Hlavní autoři: Trionfo, Aldo (Autor), Salveti, Lorenzo (Autor)
Korporativní autor: Teatro Stabile Torino
Další autoři: Bene, Carmelo, Luzzati, Emanuele, Branciaroli, Franco
Médium: Kniha
Jazyk:italština
Vydáno: Verona : Anteditore, [1976]
Edice:Teatro vivo
Tagy: Přidat tag
Žádné tagy, Buďte první, kdo vytvoří štítek k tomuto záznamu!

MARC

LEADER 00000nam a22000007i 4500
001 IT\ICCU\UBO\3133862
003 ItRI
005 20260115232230.0
008 070126s1976 it |||||| ||||| |||||c
040 |b ita  |c importazione bologna sebina 
041 7 |a ita  |2 ISO-639-2 
100 1 |a Trionfo, Aldo  |0 IT\ICCU\SBLV\065439  |4 aut 
245 1 0 |a Faust Marlowe-burlesque /  |c Aldo Trionfo e Lorenzo Salveti. 
260 |a Verona :  |b Anteditore,  |c [1976] 
300 |a 19 p. :  |b ill. ;  |c 23 x 24 cm 
500 |a Testo, note di regia e foto di scena dello spettacolo prodotto dal Teatro Stabile di Torino con la regia di Aldo Trionfo, scene e costumi di Emanuele Luzzati, interpreti Carmelo Bene e Franco Branciaroli 
700 1 |a Salveti, Lorenzo  |0 IT\ICCU\SBLV\259438  |4 aut 
700 1 |a Bene, Carmelo  |0 IT\ICCU\CFIV\004379 
700 1 |a Luzzati, Emanuele  |0 IT\ICCU\CFIV\027849 
700 1 |a Branciaroli, Franco  |0 IT\ICCU\CFIV\039469 
710 2 |a Teatro Stabile Torino  |0 IT\ICCU\TO0V\104167 
790 1 |a Luzzati, Lele  |3 IT\ICCU\CFIV\073237  |z Luzzati, Emanuele 
790 1 |a Luzzati, Emmanuele  |3 IT\ICCU\LIGV\023800  |z Luzzati, Emanuele 
791 2 |a Teatro stabile di Torino  |3 IT\ICCU\TO0V\167572  |z Teatro Stabile Torino 
791 2 |a Teatro stabile (Torino)  |3 IT\ICCU\TO0V\167573  |z Teatro Stabile Torino 
791 2 |a Piccolo teatro della città di Torino  |3 IT\ICCU\TO0V\167574  |z Teatro Stabile Torino 
791 2 |a Teatro Stabile della città di Torino  |3 IT\ICCU\TO0V\679737  |z Teatro Stabile Torino 
830 0 |a Teatro vivo  |0 IT\ICCU\SBL\0051057 
942 |2 ddc  |c BK  |n 0 
952 |0 0  |1 0  |4 0  |6 DOC_852_914000000000000_TRI  |7 0  |9 22516  |a BO  |b BO  |d 2026-01-15  |i 269  |l 0  |o DOC 852.914 TRI  |p BO269  |r 2026-01-15 23:22:30  |w 2026-01-15  |x [Sebina 7] [1 v.]  |y BK  |z 1 v. 
999 |c 19226  |d 19226